Riconosci il Pokémon - Quiz n°109 - Statistics

Statistiche generali
  • Questo quiz è stato fatto 2 volte
  • Il punteggio medio è 10 su 10
Statistiche sulle risposte
Indizio Risposta % Corretto
Altezza 1,8 m
100%
Tasso di cattura 45 (11.9%)
100%
Peso 61,9 kg
100%
Sesso 87.5% ♂, 12.5% ♀
100%
Abilità Acquaiuto; Arroganza
100%
Tipo Acqua / Lotta
100%
Generazione Nona
100%
Pokémon Quaquaval
100%
Tasso di allevamento Sconosciuto
100%
Stadio evoluzione Seconda evoluzione
100%
Nessun quiz corrispondente trovato
Distribuzione punteggi
Percentuale di utenti per punteggio
Percentile per numero di risposta
I tuoi punteggi nel tempo
Non hai fatto questo quiz